Datum a čas kvízu
25
Celkem bodů
Celkový počet nahraných bodů na tomto kvízu bez doplňovacích otázek.
2.
Pořadí na kvízu
Konečné umístění týmu na tomto kvízu.
Zaznamenané odpovědi
| # | Otázka | Odpověď | Body | Výsledky |
|---|---|---|---|---|
| 1. | Poslanci jedné parlamentní str... | 0 | ||
| 2. | Jisté velké německé město svým... | 1 | ||
| 3. | V minulých dnech bylo podepsán... | 1 | ||
| 4. | Pouze dva obžalovaní stanuli v... | 0 | ||
| 5. | Útočník Komety Martin Erat vst... | 0 | ||
| 22. | Tento živočich z řádu krokodýl... | 1 | ||
| 23. | Několik druhů chameleonů (např... | 1 | ||
| 24. | Jak se nazývá tento živočich?... | 0 | ||
| 25. | Napište jméno herce s tureckým... | 1 | ||
| 10. | Strana Fidesz maďarského premi... | 0 |